01570nam a2200217 4500001000800000007000300008008004100011040000800052041000800060100002700068245004900095300002400144520085600168650001601024650001901040653001701059700004301076700003001119700003401149773016901183ESSALUDta t2024 sp ||||| |||| 00| 0 spa d aBMG aspa aMas Babío, R.eautor aProtocolo terapéutico de las poliglobulias apáginas 1270-1273 aLa eritrocitosis o poliglobulia es un aumento de la masa eritrocitaria total que conlleva un aumento del número de glóbulos rojos y del hematocrito, con el consecuente aumento del riesgo trombótico y de complicaciones derivadas del mismo. Las eritrocitosis las clasificamos en función de si existe elevación o no de eritropoyetina (EPO): primaria (sin elevación de EPO, como la policitemia vera) y secundaria (EPO elevada). Además, también se clasifican en adquiridas y congénitas, en función del origen del incremento de glóbulos rojos. El objetivo fundamental en el tratamiento de estas patologías es reducir la viscosidad sanguínea (de forma farmacológica y/o con sangrías) y prevenir las complicaciones trombóticas, basándonos en un manejo individualizado y en el control de los factores de riesgo cardiovascular. aPOLICITEMIA aERITROPOYETINA aPOLIGLOBULIA aCarreño Gómez-Tarragona, G.eautor aMedina de Alba, L.eautor aMartínez López, J.eautor0 015325dBarcelona ElsevieroMED136tMedicine: Programa sistemático de actualización en medicina y protocolos de práctica clínicaw(ESSALUD)ESSALUDx0304-5412